书目信息 |
| 题名: |
航空涂料与涂装技术
|
|
| 作者: | 何鼐 编著 | |
| 分册: | ||
| 出版信息: | 北京 化学工业出版社 2000.01 |
|
| 页数: | 402页 | |
| 开本: | 32开 | |
| 丛书名: | ||
| 单 册: | ||
| 中图分类: | V255 | |
| 科图分类: | ||
| 主题词: | 航空材料 | |
| 电子资源: | ||
| ISBN: | 7-5025-2713-3 | |
| 000 | 00559nam0 2200193 45 | |
| 001 | 0010081661 | |
| 005 | 20001008162733.5 | |
| 010 | @a7-5025-2713-3@d30.00元 | |
| 100 | @a20001008d2000 km y0chiy0120 ea | |
| 101 | 0 | @achi |
| 105 | @a z 000yy | |
| 200 | 1 | @a航空涂料与涂装技术@AHang Kong Tu Liao Yu Tu Zhuang Ji Shu@f何鼐等编著@FHe Nai Deng Bian Zhu |
| 210 | @a北京@c化学工业出版社@d2000.01 | |
| 215 | @a402页@d32开 | |
| 606 | 0 | @a航空材料 |
| 690 | @aV255@v3 | |
| 701 | 0 | @a何鼐@4编著 |
| 801 | @aCN@bPftUser@c20001008 | |
| 905 | @b172844-846@dV255@eH.091@f3 | |
| 航空涂料与涂装技术/何鼐等编著.-北京:化学工业出版社,2000.01 |
| 402页;32开 |
| ISBN 7-5025-2713-3:30.00元 |
| ● |
| 相关链接 |
|
|
|
正题名:航空涂料与涂装技术
索取号:V255/H.091
 
预约/预借
| 序号 | 登录号 | 条形码 | 馆藏地/架位号 | 状态 | 备注 |
| 1 | 172844 | 201728443 | 自科库501/501自科库 89排1列2层/ [索取号:V255/H.091] | 在馆 | |
| 2 | 172845 | 201728452 | 自科库501/501自科库 89排1列2层/ [索取号:V255/H.091] | 在馆 | |
| 3 | 172846 | 201728461 | 自科库501/501自科库 89排1列2层/ [索取号:V255/H.091] | 在馆 |